Bližšie k Heideggerovi

Bibliographic Details
Main Authors: Timura, Viktor, 1938- (Author), Novosád, František, 1948 jún 4.- (Author)
Format: Article
Language:Slovak
ISSN:1210-1982
Subjects:

MARC

LEADER 00000nab a2200000 a 4500
001 vtls000574172
003 SK-MaSNL
005 20260303013053.0
008 150501c1996 xo 0 slo
015 |a SNBRB19rr/mm-uuuuu 
035 |a CL0574310 
040 |a SNKBUCL  |b slo  |c SNKBUCL  |e AACR2 
041 0 |a slo 
044 |a xo  |c SK 
080 |a 101.9(048)  |2 1981 
100 1 |a Timura, Viktor,  |d 1938-  |4 aut  |9 113016 
245 1 0 |a Bližšie k Heideggerovi  |c Viktor Timura 
600 1 7 |a Heidegger, Martin,  |d 1889-1976  |2 snkbucl  |9 109315 
655 7 |a články z novín a časopisov  |2 snkbucl  |9 267496 
700 1 |a Novosád, František,  |d 1948 jún 4.-  |4 aut  |9 98325 
773 0 |t Knižná revue  |g Roč. 6, č. 3 (1996), s. 5  |x 1210-1982 
787 0 8 |i Rec.:  |a Novosád, František  |t Pozvanie k Heideggerovi  |d Bratislava : Archa, 1995 
850 |a Slovenská národná knižnica v Martine  |a MTA001 
852 |a SNK  |b KIS3GCP 
958 |a RK 
958 |a DE 
992 |a RBX 
999 |c 1600559  |d 1602489